¿Cómo hablar de Dios hoy? : (Record no. 29229)
[ view plain ]
| 000 -LEADER | |
|---|---|
| campo de control de longitud fija | 01871ntaaa2200421 4500 |
| 003 - IDENTIFICADOR DE NÚMERO DE CONTROL | |
| campo de control | 01 |
| 005 - FECHA Y HORA DE LA ÚLTIMA TRANSACCIÓN | |
| campo de control | 20251027203351.0 |
| 008 - DATOS DE LONGITUD FIJA--INFORMACIÓN GENERAL | |
| campo de control de longitud fija | 0714s1973 ag 01 |
| 020 ## - NÚMERO INTERNACIONAL ESTÁNDAR DEL LIBRO | |
| Número Internacional Estándar del Libro | 8428507422 |
| 040 ## - FUENTE DE CATALOGACIÓN | |
| Centro catalogador/agencia de origen | AR-BaBN |
| Lengua de catalogación | spa |
| Centro/agencia transcriptor | AR-BaBN |
| Normas de descripción | aacr |
| Centro/agencia modificador | RIC |
| 100 ## - ENTRADA PRINCIPAL--NOMBRE DE PERSONA | |
| Nombre de persona | Mondin, Battista |
| 9 (RLIN) | 117 |
| 245 ## - MENCIÓN DEL TÍTULO | |
| Título | ¿Cómo hablar de Dios hoy? : |
| Resto del título | el lenguaje teológico / |
| Mención de responsabilidad, etc. | Battista Mondin, traducido por Julián Aguirre Muñoz de Morales |
| 250 ## - MENCION DE EDICION | |
| Mención de edición | 2a ed. |
| 260 ## - PUBLICACIÓN, DISTRIBUCIÓN, ETC. | |
| Lugar de publicación, distribución, etc. | Madrid : |
| Nombre del editor, distribuidor, etc. | Eds. Paulinas, |
| Fecha de publicación, distribución, etc. | c1979 |
| 300 ## - DESCRIPCIÓN FÍSICA | |
| Extensión | 229 p. ; |
| Dimensiones | 21 cm. |
| 490 ## - MENCIÓN DE SERIE | |
| Mención de serie | Teología y pastoral |
| 500 ## - NOTA GENERAL | |
| Nota general | Título original: Il linguaggio teologico. Come parlare di Dio, oggi? |
| 500 ## - NOTA GENERAL | |
| Nota general | Donación de Tomás J. M. Mackey, 2021 |
| 500 ## - NOTA GENERAL | |
| Nota general | Ed. original en italiano: Edizioni Paoline |
| 500 ## - NOTA GENERAL | |
| Nota general | Contiene referencias bibliográficas |
| 500 ## - NOTA GENERAL | |
| Nota general | Incluye índice |
| 505 ## - NOTA DE CONTENIDO CON FORMATO | |
| Título | Introducción |
| 505 ## - NOTA DE CONTENIDO CON FORMATO | |
| Título | I. Las causas de la crisis del lenguaje teológico |
| 505 ## - NOTA DE CONTENIDO CON FORMATO | |
| Título | II. El problema lingüístico en filosofía |
| 505 ## - NOTA DE CONTENIDO CON FORMATO | |
| Título | III. El problema kerigmático: algunas traducciones del mensaje cristiano al lenguaje del hombre moderno |
| 505 ## - NOTA DE CONTENIDO CON FORMATO | |
| Título | IV. El problema ontológico: naturaleza y propiedades del lenguaje religioso |
| 505 ## - NOTA DE CONTENIDO CON FORMATO | |
| Título | V. El problema crítico: criterios de verificación del lenguaje religioso |
| 505 ## - NOTA DE CONTENIDO CON FORMATO | |
| Título | VI. Lenguajes formalizados y lenguaje común |
| 505 ## - NOTA DE CONTENIDO CON FORMATO | |
| Título | VII. El problema hermenéutico |
| 505 ## - NOTA DE CONTENIDO CON FORMATO | |
| Título | VIII. El lenguaje de la oración |
| 505 ## - NOTA DE CONTENIDO CON FORMATO | |
| Título | IX. El lenguaje de la infalibilidad |
| 505 ## - NOTA DE CONTENIDO CON FORMATO | |
| Título | X. El método de la analogía |
| 505 ## - NOTA DE CONTENIDO CON FORMATO | |
| Título | XI. El método trascendental de Bernard Lonergan |
| 520 ## - RESUMEN, ETC. | |
| Sumario, etc. | Crisis del lenguaje religioso, análisis sistemático de los problemas de expresión, naturaleza, valor e interpretación |
| 650 ## - PUNTO DE ACCESO ADICIONAL DE MATERIA--TÉRMINO DE MATERIA | |
| Término de materia o nombre geográfico como elemento de entrada | FILOSOFIA DEL LENGUAJE |
| 9 (RLIN) | 37748 |
| 700 ## - ENTRADA AGREGADA--NOMBRE PERSONAL | |
| Nombre de persona | Aguirre Muñoz de Morales, Julián |
| Término indicativo de función/relación | traductor |
| 9 (RLIN) | 37749 |
| 942 ## - ELEMENTOS DE ENTRADA SECUNDARIOS (KOHA) | |
| Tipo de ítem Koha | Colección General |
| Estatus retirado | Estado de pérdida | Estado de daño | No para préstamo | Biblioteca de origen | Biblioteca actual | Fecha de adquisición | Número de inventario | Total de préstamos | Código de barras | Visto por última vez | Precio de reemplazo | Tipo de ítem Koha |
|---|---|---|---|---|---|---|---|---|---|---|---|---|
| Biblioteca Pluis | Biblioteca Pluis | 27/10/2025 | 045777 | 045777 | 27/10/2025 | 27/10/2025 | Colección General |
